000 00304nam a22001337a 4500
008 171222b xxu||||| |||| 00| 0 eng d
020 _a9780760700709
041 _aeng
080 _a902
100 _a45
101 _aARK
245 _a100 GREAT ARCHAEOLOGICAL DISCOVERIES
_cBAHN,P.G
942 _2udc
_cBK
999 _c39356
_d39356